Sanat - "Tapio" - Statistics

Yleistilastot
  • Tätä visaa on pelattu 7 kertaa
  • Keskiarvotulos 46 / 73
Vastaustilastot
Vastaus % Oikein
Tapio
100%
Tapio
100%
Tapio
100%
Tapio
100%
kaikkoaa
83%
kaikkoaa
83%
katseensa
83%
katseensa
83%
kohottaa
83%
kohottaa
83%
kun
83%
kun
83%
kun
83%
metsä
83%
metsän
83%
metsän
83%
metsän
83%
metsän
83%
metsän
83%
valtias
83%
valtias
83%
valtias
83%
valtias
83%
aamu
67%
aurinko
67%
ei
67%
herätessä
67%
hiidetkin
67%
hiidetkin
67%
käy
67%
kuninkaalle
67%
lakaisee
67%
lakaisee
67%
metsiä
67%
metsiä
67%
näy
67%
Päivättären
67%
samoilee
67%
samoilee
67%
taas
67%
tienoon
67%
valaisee
67%
valkenee
67%
voittajaa
67%
hallitsija
50%
jälkeen
50%
kerran
50%
kumartaa
50%
kuuset
50%
näin
50%
näin
50%
sää
50%
suuret
50%
tietä
50%
tietä
50%
tuuletar
50%
Tuuletar
50%
aarnikratti
33%
aarteet
33%
hiljenee
33%
joskus
33%
jyrähdellen
33%
kaikki
33%
mutta
33%
myrskyn
33%
säikäyttää
33%
syttyessä
33%
taasen
33%
tarkoin
33%
tyyntyy
33%
Ukko
33%
varjelee
33%
Virvatulten
33%
Ehtoja vastaavia visoja ei löytynyt
Tulosjakauma
Jokaisen tuloksen saaneiden osuus
Persentiili vastausten määrän mukaan
Tuloshistoriasi
Et ole pelannut tätä visaa